| 000 | 00634cam a22002177a 4500 | ||
|---|---|---|---|
| 999 |
_c416 _d416 |
||
| 001 | 8378 | ||
| 003 | BD-DhUAP | ||
| 005 | 20200122112144.0 | ||
| 008 | 200122s2003 bg 000 0 eng | ||
| 040 |
_aDLC _cDLC _dBD-DhUAP |
||
| 082 |
_223 _a297.1 AHM |
||
| 100 | 1 | _aAhmed, Idris. | |
| 245 | 1 | 4 |
_aStructure and content of Sura Ya-Sin of the Quran : _b in the eye of a student of english literature / _cIdris Ahmed. |
| 260 |
_aDhaka : _bSumon Kaiser, _cc2003. |
||
| 300 |
_a253 pages ; _c21 cm. |
||
| 504 | _aIncludes bibliographical references. | ||
| 650 | _aQuran. | ||
| 650 | _aIslam. | ||
| 650 | _a Sura Ya-Sin. | ||
| 942 |
_2ddc _cBK |
||